[Event "Canadian op"]
[Site "Edmonton"]
[Date "2009.07.13"]
[Round "3.69"]
[White "McCleary, Rick"]
[Black "Nadeau, Gabrielle"]
[Result "0-1"]
[WhiteElo "1140"]
[BlackElo "1912"]
[PlyCount "70"]
[EventDate "2009.07.11"]
[EventType "swiss"]
[EventRounds "9"]
[EventCountry "CAN"]
[SourceTitle "EXT 2022"]
[Source "ChessBase"]
[SourceDate "2021.10.06"]
[SourceVersion "1"]
[SourceVersionDate "2021.10.06"]
[SourceQuality "1"]

1. d4 Nf6 2. Nc3 g6 3. e4 Bg7 4. Bd3 0-0 5. e5 Ne8 6. Be3 f6 7. f4 fxe5 8. dxe5 d6 9. Qe2 e6 10. Nf3 Nc6 11. Bd4 Nxd4 12. Nxd4 dxe5 13. fxe5 Qxd4 14. 0-0-0 Qxe5 15. Qxe5 Bxe5 16. Ne4 Nd6 17. Rde1 Bf4+ 18. Kb1 e5 19. a3 Bh6 20. Rhf1 Bf5 21. Nc3 e4 22. Be2 Bd2 23. Rd1 e3 24. Nd5 Kg7 25. Rg1 h5 26. Nf4 Rae8 27. h3 Bd7 28. g4 Rxf4 29. gxh5 Rf6 30. b3 Ne4 31. hxg6 Nc3+ 32. Kb2 Nxe2 33. Rg2 Nf4 34. Rdxd2 Nxg2 35. Rxg2 e2 0-1

[Event "CAN-ch U18 Girls"]
[Site "Quebec"]
[Date "2008.07.16"]
[Round "5"]
[White "Nadeau, Gabrielle"]
[Black "Du, Jasmine"]
[Result "0-1"]
[WhiteElo "1804"]
[BlackElo "1791"]
[PlyCount "127"]
[EventDate "2008.07.14"]
[EventType "match"]
[EventRounds "6"]
[EventCountry "CAN"]
[SourceTitle "EXT 2011"]
[Source "ChessBase"]
[SourceDate "2010.11.26"]
[SourceVersion "1"]
[SourceVersionDate "2010.11.26"]
[SourceQuality "1"]

1. d4 d5 2. c4 c6 3. Nc3 h6 4. Bf4 e6 5. a3 Nf6 6. e3 Bd6 7. Bxd6 Qxd6 8. c5 Qc7 9. Nf3 Nbd7 10. Be2 0-0 11. 0-0 e5 12. b4 e4 13. Nd2 Re8 14. b5 Nf8 15. a4 Bd7 16. a5 Qd8 17. a6 b6 18. Nb3 Ne6 19. cxb6 Qxb6 20. Na4 Qc7 21. Rc1 Reb8 22. Nbc5 Nxc5 23. Nxc5 Be8 24. Nb7 Qb6 25. bxc6 Bxc6 26. Rb1 Qc7 27. Qc2 Qd7 28. Nc5 Qd6 29. Rxb8+ Rxb8 30. Rb1 Nd7 31. Nb7 Qf6 32. Rc1 Rc8 33. Bb5 Bxb7 34. Qd1 Rxc1 35. Qxc1 Bxa6 36. Bxd7 Bc4 37. Qa1 Qb6 38. h3 a5 39. Ba4 Qb4 40. Kh2 Bb5 41. Bxb5 Qxb5 42. Qc1 Qc4 43. Qb2 Qc7+ 44. g3 Qd7 45. Qb8+ Kh7 46. Qa8 a4 47. Kg2 Qb5 48. Qc8 Qc4 49. Qf8 Qc7 50. Qa8 Qc4 51. Qf8 f6 52. Qe7 Qa6 53. Qa3 Qb5 54. Qd6 Qb3 55. Qc7 Qc4 56. Qd6 Qc2 57. Qxd5 a3 58. Qf5+ Kh8 59. d5 a2 60. d6 a1Q 61. d7 Qd3 62. Qb5 Qaf1+ 63. Kh2 Qxf2+ 64. Kh1 0-1

[Event "CAN-ch U18 Girls"]
[Site "Quebec"]
[Date "2008.07.15"]
[Round "4"]
[White "Du, Jasmine"]
[Black "Nadeau, Gabrielle"]
[Result "1/2-1/2"]
[WhiteElo "1791"]
[BlackElo "1804"]
[PlyCount "144"]
[EventDate "2008.07.14"]
[EventType "match"]
[EventRounds "6"]
[EventCountry "CAN"]
[SourceTitle "EXT 2011"]
[Source "ChessBase"]
[SourceDate "2010.11.26"]
[SourceVersion "1"]
[SourceVersionDate "2010.11.26"]
[SourceQuality "1"]

1. d4 d5 2. c4 e6 3. Nf3 Nf6 4. e3 Nbd7 5. Nc3 c6 6. Qc2 Be7 7. Bd3 0-0 8. 0-0 dxc4 9. Bxc4 Nd5 10. a3 N7f6 11. Bd3 h6 12. Ne2 Bd7 13. Ng3 Rc8 14. b4 b6 15. e4 Nc7 16. Bb2 Na8 17. Qd2 c5 18. Ba6 Rb8 19. Bd3 cxd4 20. Nxd4 Rc8 21. Rac1 Rxc1 22. Rxc1 Qb8 23. Nc6 Bxc6 24. Rxc6 Rc8 25. Be5 Qb7 26. Rxc8+ Qxc8 27. h3 Qd8 28. Qc2 Qd7 29. Ba6 Bd8 30. Bc8 Qe7 31. Qc6 Nc7 32. Bd6 Qe8 33. Qc1 Nb5 34. e5 Nd5 35. Ne4 Nd4 36. Qc4 Qc6 37. Qxc6 Nxc6 38. Bd7 Nd4 39. b5 Nc7 40. Nc3 Nf5 41. Kf1 Ne7 42. Ke1 Ned5 43. Nxd5 Nxd5 44. Bc6 f6 45. Bxd5 exd5 46. f4 Kf7 47. Bb8 fxe5 48. Bxe5 Be7 49. a4 g6 50. Bb8 Ke6 51. Bxa7 Bd8 52. Ke2 Kd6 53. Bb8+ Kc5 54. Kd3 Kb4 55. Kd4 Kxa4 56. Kxd5 Kxb5 57. Bd6 Ka4 58. g4 b5 59. f5 gxf5 60. gxf5 b4 61. Bxb4 Kxb4 62. Ke6 Kc5 63. f6 Bxf6 64. Kxf6 Kd6 65. h4 h5 66. Kg5 Ke6 67. Kxh5 Kf5 68. Kh6 Kf6 69. h5 Kf7 70. Kg5 Kg7 71. h6+ Kh8 72. Kg6 Kg8 1/2-1/2

[Event "CAN-ch U18 Girls"]
[Site "Quebec"]
[Date "2008.07.15"]
[Round "3"]
[White "Nadeau, Gabrielle"]
[Black "Du, Jasmine"]
[Result "1-0"]
[WhiteElo "1804"]
[BlackElo "1791"]
[PlyCount "113"]
[EventDate "2008.07.14"]
[EventType "match"]
[EventRounds "6"]
[EventCountry "CAN"]
[SourceTitle "EXT 2011"]
[Source "ChessBase"]
[SourceDate "2010.11.26"]
[SourceVersion "1"]
[SourceVersionDate "2010.11.26"]
[SourceQuality "1"]

1. d4 d5 2. c4 c6 3. Nc3 h6 4. Nf3 Nf6 5. e3 e6 6. Qc2 Be7 7. a3 Nbd7 8. Be2 0-0 9. 0-0 Qc7 10. Bd2 Rd8 11. cxd5 exd5 12. Rac1 a6 13. Na2 Nf8 14. Bb4 Ng6 15. Bxe7 Qxe7 16. Bd3 Nf8 17. Nc3 Be6 18. Ne2 Rac8 19. b4 N8d7 20. Qb2 Ne4 21. Nd2 Ndf6 22. Nb3 Rb8 23. Rc2 Bc8 24. Rfc1 Rd6 25. a4 Nxf2 26. Kxf2 Ng4+ 27. Ke1 Qxe3 28. Rc3 Rf6 29. Bh7+ Kxh7 30. Rxe3 Nxe3 31. Kd2 Nc4+ 32. Rxc4 dxc4 33. Qc2+ Bf5 34. Qxc4 Re8 35. Nc5 Bg4 36. Qd3+ Kh8 37. Ng3 Rf2+ 38. Kc3 Re1 39. Nb3 Rxg2 40. b5 axb5 41. axb5 cxb5 42. d5 Bd7 43. Qf3 Rxh2 44. Qxf7 Re3+ 45. Kb4 Rh4+ 46. Kc5 Rxg3 47. Qxd7 Rc3+ 48. Kb6 Rb4 49. Nc5 Rg3 50. Qe8+ Kh7 51. d6 Rg6 52. Ne6 Rf4 53. Nf8+ Rxf8 54. Qxf8 Re6 55. Qf5+ Rg6 56. Kxb5 h5 57. d7 1-0

[Event "CAN-ch U18 Girls"]
[Site "Quebec"]
[Date "2008.07.14"]
[Round "1"]
[White "Nadeau, Gabrielle"]
[Black "Du, Jasmine"]
[Result "1-0"]
[WhiteElo "1804"]
[BlackElo "1791"]
[PlyCount "117"]
[EventDate "2008.07.14"]
[EventType "match"]
[EventRounds "6"]
[EventCountry "CAN"]
[SourceTitle "EXT 2011"]
[Source "ChessBase"]
[SourceDate "2010.11.26"]
[SourceVersion "1"]
[SourceVersionDate "2010.11.26"]
[SourceQuality "1"]

1. d4 Nf6 2. c4 e6 3. Nc3 Bb4 4. Qc2 Nc6 5. Nf3 b6 6. a3 Bxc3+ 7. Qxc3 a5 8. Bg5 h6 9. Bh4 Bb7 10. e3 d6 11. Bd3 Rc8 12. b4 Ra8 13. 0-0 Ne7 14. d5 e5 15. Nd2 g5 16. Bg3 Rf8 17. f4 Nh5 18. fxe5 Nxg3 19. hxg3 dxe5 20. Qxe5 Qd6 21. Qxd6 cxd6 22. b5 Kd7 23. Rf2 Ng6 24. Raf1 Ne5 25. Be2 Rae8 26. Rf6 Rh8 27. Bh5 Re7 28. Bxf7 Rh7 29. Be6+ Kc7 30. e4 Rh8 31. Kf2 Bc8 32. Bxc8 Rxc8 33. Ke2 Rh8 34. R1f5 Rhh7 35. Rf8 Kb7 36. Ke3 Kc7 37. Kd4 Rhg7 38. Nf3 Nd7 39. g4 Nxf8 40. Rxf8 Rgf7 41. Rxf7 Rxf7 42. Ke3 Rf4 43. Nh2 Kd7 44. g3 Rf8 45. Nf3 Ke7 46. a4 Kf6 47. Nd4 Kg6 48. Nf5 Rd8 49. Kd4 Kf6 50. Nxd6 Rh8 51. e5+ Ke7 52. Nf5+ Ke8 53. d6 Kd7 54. Kd5 h5 55. e6+ Kd8 56. Kc6 h4 57. e7+ Ke8 58. d7+ Kf7 59. d8Q 1-0

[Event "Wch U18 Girls"]
[Site "Kemer"]
[Date "2007.11.22"]
[Round "5"]
[White "Nadeau, Gabrielle"]
[Black "Kruljac, Petra"]
[Result "0-1"]
[WhiteElo "1653"]
[BlackElo "2057"]
[PlyCount "78"]
[EventDate "2007.11.18"]
[EventType "swiss"]
[EventRounds "11"]
[EventCountry "TUR"]
[SourceTitle "CBM 121 Extra"]
[Source "ChessBase"]
[SourceDate "2008.01.10"]
[SourceVersion "1"]
[SourceVersionDate "2008.01.10"]
[SourceQuality "1"]

1. d4 d5 2. c4 Nc6 3. Nf3 Bg4 4. e3 e6 5. Nc3 Bb4 6. Be2 Nf6 7. 0-0 0-0 8. a3 Bxc3 9. bxc3 Ne4 10. Bb2 Na5 11. c5 b6 12. cxb6 cxb6 13. Rc1 Rc8 14. Ne5 Bxe2 15. Qxe2 f6 16. Nd3 Nc4 17. f3 Ned2 18. Rf2 Nb3 19. Rc2 e5 20. Qe1 Re8 21. Rfe2 e4 22. fxe4 Rxe4 23. Nf2 Re7 24. e4 dxe4 25. Nxe4 Rcc7 26. Bc1 Nxc1 27. Qxc1 Qe8 28. Ng3 f5 29. Kf2 g6 30. Ra2 Qf7 31. Rac2 f4 32. Nf1 g5 33. a4 g4 34. Kg1 Kh8 35. Rf2 f3 36. Kh1 Rc8 37. Qa1 Rce8 38. Rc1 Re2 39. Rxe2 Rxe2 0-1

[Event "Wch U18 Girls"]
[Site "Kemer"]
[Date "2007.11.19"]
[Round "2"]
[White "Avdeyeva, Viktoriya"]
[Black "Nadeau, Gabrielle"]
[Result "1/2-1/2"]
[WhiteElo "2100"]
[BlackElo "1653"]
[PlyCount "23"]
[EventDate "2007.11.18"]
[EventType "swiss"]
[EventRounds "11"]
[EventCountry "TUR"]
[SourceTitle "CBM 121 Extra"]
[Source "ChessBase"]
[SourceDate "2008.01.10"]
[SourceVersion "1"]
[SourceVersionDate "2008.01.10"]
[SourceQuality "1"]

1. e4 c5 2. d4 cxd4 3. c3 dxc3 4. Bc4 e6 5. Nf3 a6 6. a4 Qc7 7. Qe2 Nc6 8. Nxc3 d6 9. 0-0 Nf6 10. Bf4 Be7 11. Rfd1 Bd7 12. Bg5 1/2-1/2

[Event "CAN-ch U18 Girls"]
[Site "Ottawa"]
[Date "2007.07.04"]
[Round "4"]
[White "Mandamin, Amelia"]
[Black "Nadeau, Gabrielle"]
[Result "0-1"]
[WhiteElo "1130"]
[BlackElo "1843"]
[PlyCount "56"]
[EventDate "2007.07.03"]
[EventType "match"]
[EventRounds "4"]
[EventCountry "CAN"]
[SourceTitle "EXT 2022"]
[Source "ChessBase"]
[SourceDate "2021.10.06"]
[SourceVersion "1"]
[SourceVersionDate "2021.10.06"]
[SourceQuality "1"]

1. e3 c5 2. c3 d5 3. d4 e6 4. dxc5 Bxc5 5. b4 Be7 6. g3 Nf6 7. Ba3 a6 8. c4 Nc6 9. c5 b6 10. Qc2 Bd7 11. Nc3 bxc5 12. bxc5 Qa5 13. Bc1 Bxc5 14. Bd2 Nb4 15. Qd1 Qd8 16. Na4 Be7 17. a3 Nc6 18. Nf3 0-0 19. g4 e5 20. h3 d4 21. g5 Ne4 22. Bd3 Nxd2 23. Nxd2 Bxg5 24. Bb1 dxe3 25. Qc2 exd2+ 26. Kd1 g6 27. h4 Bg4+ 28. f3 Bxf3# 0-1

[Event "CAN-ch U14 Girls"]
[Site "Kapuskasing"]
[Date "2004.07.06"]
[Round "2"]
[White "Nadeau, Gabrielle"]
[Black "Wentworth, Rosa Lee"]
[Result "1-0"]
[WhiteElo "1385"]
[BlackElo "899"]
[PlyCount "57"]
[EventDate "2004.07.06"]
[EventType "tourn"]
[EventRounds "5"]
[EventCountry "CAN"]
[SourceTitle "EXT 2006"]
[Source "ChessBase"]
[SourceDate "2005.11.24"]
[SourceVersion "1"]
[SourceVersionDate "2005.11.24"]
[SourceQuality "1"]

1. e4 e6 2. f4 Bd6 3. d4 Nf6 4. e5 Qe7 5. Nf3 Nc6 6. exd6 cxd6 7. Nc3 b6 8. Bc4 Bb7 9. Nb5 a6 10. Nc7+ Kd8 11. Nxa8 Bxa8 12. 0-0 Bb7 13. Re1 h5 14. f5 Kc7 15. Bg5 g6 16. fxe6 dxe6 17. d5 Na5 18. Bb3 Qd7 19. Bxf6 Re8 20. dxe6 fxe6 21. Ng5 Nc6 22. Bxe6 Qf7 23. Bxf7 Rxe1+ 24. Qxe1 Nb4 25. Qe7+ Kc6 26. Be8+ Kc5 27. Qe3+ Kd5 28. Rd1+ Kc4 29. b3# 1-0